Методика викладання зарубіжної літератури у школі (Запис № 351233)

МАРК-запис
000 -Лідер
fixed length control field 01664nam a22002897a 4500
003 - Ідентифікатор контрольного номера
control field UA-OsUOA
001 - Контрольний номер
control field 65118
007 - Фіксоване поле фізичного опису
fixed length control field ta
008 - Елементи даних фіксованої довжини – загальна інформація
fixed length control field 20091113b un ||||| |||| 00| 0 ukr d
090 ## - Локальний шифр розміщення
Класифікаційний індекс УДК 37.012:82.09
Авторський знак (НП) Ш88
040 ## - Джерело каталогізації
Агенція оригінальної каталогізації UA-OsUOA
Мова каталогізації ukr
Агенція, яка здійснювала перезапис UA-OsUOA
Агенція, яка здійснювала модифікацію UA-OsUOA
041 ## - Код мови
Код мови тексту/ звукової доріжки чи окремого заголовка (П) ukr
080 ## - Індекс Універсальної десяткової класифікації
Індекс Універсальної десяткової класифікації (УДК) (НП) 37.012:82.09
020 ## - Міжнародний стандартний книжковий номер (ISBN)
Міжнародний стандартний книжковий номер (ISBN) (НП) 966-351-168-0
100 ## - Основне введення – ім’я особи
Ім’я особи (НП) Штейнбук Ф. М.
245 ## - Відомості про назву
Назва (НП) Методика викладання зарубіжної літератури у школі
260 ## - Публікація, розповсюдження і т.п. (Вихідні дані)
Місце публікації, розповсюдження і т.п. (П) К.
Ім’я/ наймення видавництва, розповсюджувача і т.п. (П) Кондор
Дата публікації, розповсюдження і т.п. (П) 2005
300 ## - Фізичний опис
Обсяг 316 с.
520 3# - Резюме і т.п.
Резюме, реферат, анотація, тощо (НП) адання. Матеріал посібника спрямований на підготовку спеціалістів, які одночасно були б і фахівцями-професіоналами, і нестандартно мислячими, творчими особистостями. Стислий зміст. Розділ І. Етапи та особливості становлення курсу "Зарубіжна літера
520 3# - Резюме і т.п.
Резюме, реферат, анотація, тощо (НП) тура" в школі. Розділ ІІ. Методи вивчення зарубіжної літератури в школі. Розділ ІІІ. Шкільний аналіз художніх творів на уроках зарубіжної літератури. Розділ IV. Учитель літератури. Розділ V. Урок зарубіжної літератури в сучасній школі. Розділ VI. Етап
520 3# - Резюме і т.п.
Резюме, реферат, анотація, тощо (НП)
520 3# - Резюме і т.п.
Резюме, реферат, анотація, тощо (НП)
650 #7 - Додаткове предметне введення – тематичний термін
Тематичний термін чи географічна назва, як елемент введення (НП) 37.0 Основні види та принципи освіти
Джерело заголовка чи терміна UDC
942 ## - Додаткові елементи входу (Коха)
Тип елемента Koha Книги
955 ## - Код типу видання за змістом
Код типу видання за змістом (НП) Навчальні видання
Фонди
Стан вилучень Стан втрат Джерело класифікації або схеми стелажів Стан уражень Не для кредиту Постійне місце розташування Поточне розміщення Дата придбання Джерело придбання Вартість, звичайна ціна покупки Інвентарний номер Усього замовленно Повний номер виклику Штрих-код Дата останнього перегляду Ціна ефективна від Тип елемента Koha
    Universal Decimal Classification     ЧЗ - Читальна зала ЧЗ - Читальна зала 13/11/2009 131/2009 60.00 124718   37.012:82.09 Ш88 124718 17/11/2021 13/11/2009 Книги